| 000 | 00705cam a2200193 4500 | ||
|---|---|---|---|
| 001 | J122352 | ||
| 008 | 030521n2003 000 0 eng u | ||
| 035 | _a(Sirsi) u122353 | ||
| 041 | _aeng | ||
| 050 |
_a711.7 _c18 |
||
| 110 |
_aDfT _94403 |
||
| 245 | _aDepartment for Transport annual report 2003 | ||
| 260 |
_aLondon _bDfT _c2003 |
||
| 520 | _aThe DfT has published its first annual report since its inception in May 2002. The report considers the progress made towards its stated objectives. View at www.dft.gov.uk. | ||
| 650 | _aDFT | ||
| 690 | _aTRANSPORT AND COMMUNICATIONS | ||
| 856 |
_uhttps://www.dft.gov.uk/about/annual2003/index.htm _vView the report on the DfT website... |
||
| 942 | _n0 | ||
| 999 |
_c102835 _d102835 |
||